<?xml version="1.0" encoding="UTF-8"?><?xml-stylesheet type="text/xsl" href="static/style.xsl"?><OAI-PMH xmlns="http://www.openarchives.org/OAI/2.0/" xmlns:xsi="http://www.w3.org/2001/XMLSchema-instance" xsi:schemaLocation="http://www.openarchives.org/OAI/2.0/ http://www.openarchives.org/OAI/2.0/OAI-PMH.xsd"><responseDate>2026-04-27T21:30:33Z</responseDate><request verb="GetRecord" identifier="oai:uvadoc.uva.es:10324/6463" metadataPrefix="marc">https://uvadoc.uva.es/oai/request</request><GetRecord><record><header><identifier>oai:uvadoc.uva.es:10324/6463</identifier><datestamp>2021-06-23T18:33:50Z</datestamp><setSpec>com_10324_30605</setSpec><setSpec>com_10324_894</setSpec><setSpec>col_10324_41</setSpec></header><metadata><record xmlns="http://www.loc.gov/MARC21/slim" xmlns:doc="http://www.lyncode.com/xoai" xmlns:xsi="http://www.w3.org/2001/XMLSchema-instance" xmlns:dcterms="http://purl.org/dc/terms/" xsi:schemaLocation="http://www.loc.gov/MARC21/slim http://www.loc.gov/standards/marcxml/schema/MARC21slim.xsd">
<leader>00925njm 22002777a 4500</leader>
<datafield tag="042" ind1=" " ind2=" ">
<subfield code="a">dc</subfield>
</datafield>
<datafield tag="720" ind1=" " ind2=" ">
<subfield code="a">Núñez Jiménez, Myriam</subfield>
<subfield code="e">author</subfield>
</datafield>
<datafield tag="260" ind1=" " ind2=" ">
<subfield code="c">2014</subfield>
</datafield>
<datafield tag="520" ind1=" " ind2=" ">
<subfield code="a">A comienzos del siglo XX la ciudad de Soria, con apenas 7000 habitantes, presenta un desarrollo musical muy significativo concentrado principalmente en las sociedades de recreo: Casino de Numancia, Círculo Mercantil y Círculo de la Amistad y en el Teatro Principal que se construye en 1908. Compañías de teatro lírico, tanto profesionales como de aficionados, bandas de música, rondallas, capilla de música y un nutrido elenco de profesionales dibujarán el panorama musical de la ciudad en esta época.  La prensa y un pequeño grupo de intelectuales pertenecientes a las clases altas serán decisivos en el desarrollo de la vida muda musical de Soria.</subfield>
</datafield>
<datafield tag="024" ind2=" " ind1="8">
<subfield code="a">http://uvadoc.uva.es/handle/10324/6463</subfield>
</datafield>
<datafield tag="024" ind2=" " ind1="8">
<subfield code="a">b1686605</subfield>
</datafield>
<datafield tag="024" ind2=" " ind1="8">
<subfield code="a">10.35376/10324/6463</subfield>
</datafield>
<datafield ind1=" " ind2=" " tag="653">
<subfield code="a">Música-Historia-Siglo XX</subfield>
</datafield>
<datafield ind1=" " ind2=" " tag="653">
<subfield code="a">Prensa-España-Soria</subfield>
</datafield>
<datafield ind1=" " ind2=" " tag="653">
<subfield code="a">Soria (España)-Vida intelectual</subfield>
</datafield>
<datafield tag="245" ind1="0" ind2="0">
<subfield code="a">La vida musical en la ciudad de Soria a través de la prensa: 1900-1910</subfield>
</datafield>
</record></metadata></record></GetRecord></OAI-PMH>